Normal view
MARC view
Entry Corporate Name
001 - CONTROL NUMBER
- control field: 24900
003 - CONTROL NUMBER IDENTIFIER
- control field: ARRUPE
005 - DATE AND TIME OF LATEST TRANSACTION
- control field: 20160812091956.0
008 - FIXED-LENGTH DATA ELEMENTS
- fixed length control field: 160812|| aca||aabn | a|a d
040 ## - CATALOGING SOURCE
- Original cataloging agency: ARRUPE
- Transcribing agency: ARRUPE
110 ## - HEADING--CORPORATE NAME
- Corporate name or jurisdiction name as entry element: Catholic Church
- General subdivision: Oriental rites
- General subdivision: Doctrines.
670 ## - SOURCE DATA FOUND
- Source citation: Work cat.: (ARRUPE)0: Hausherr, Irénée, 1891-1978. 24899, Spiritual direction in the ancient christian east /, 1989.